MARC details
| 000 -CABECERA |
| campo de control de longitud fija |
02630cab a2200289 ab4500 |
| 005 - FECHA Y HORA DE LA ÚLTIMA TRANSACCIÓN |
| campo de control |
20250818103611.0 |
| 008 - ELEMENTOS DE LONGITUD FIJA--INFORMACIÓN GENERAL |
| campo de control de longitud fija |
991125c2019 sp fr p o 000 0 spa d |
| 035 ## - NÚMERO DE CONTROL DEL SISTEMA |
| Número de control de sistema |
UPN01000235288 |
| 040 ## - FUENTE DE LA CATALOGACIÓN |
| Centro catalogador/agencia de origen |
MX-MxUPN |
| Lengua de catalogación |
spa |
| Centro/agencia transcriptor |
MX-MxUPN |
| Normas de descripción |
aacr2 |
| 049 ## - COLECCIÓN |
| Colección |
ART-E |
| 100 1# - ASIENTO PRINCIPAL--NOMBRE PERSONAL |
| Nombre de persona |
Acuña Sossa, Mildred |
| Enlace |
- macunas@uned.ac.cr |
| 100 1# - ASIENTO PRINCIPAL--NOMBRE PERSONAL |
| Nombre de persona |
García González, Yolanda |
| 245 10 - MENCIÓN DE TÍTULO |
| Título |
Co-diseño de prácticas educativas abiertas en una universidad a distancia |
| Medio |
[recurso electrónico en línea] |
| 506 0# - NOTA DE RESTRICCIONES AL ACCESO |
| Limitaciones de acceso |
Acceso abierto |
| 520 3# - NOTA DE RESUMEN, ETC. |
| Sumario, etc. |
Este artículo se centra en el análisis de un proceso co-diseño de prácticas educativas abiertas (PEA) para el desarrollo de competencias transversales en el contexto de una universidad a distancia. A través de la participación activa de profesoras, estudiantes e investigadora, se pretende facilitar el diseño curricular de prácticas educativas abiertas, que favorezca el desarrollo de competencias transversales por parte de los estudiantes. El estudio se enmarca en una investigación más amplia que aplica el modelo de investigación basada en el diseño (IBD). Concretamente en este artículo se aborda el análisis de la fase de diseño, con un enfoque eminentemente cualitativo, utilizando como instrumentos la observación participante y el análisis de los productos realizados por los participantes en el proceso de co-diseño. El estudio se propone responder las siguientes preguntas: ¿Cómo se lleva a cabo y qué aporta el método de co-diseño al diseño de PEA para el desarrollo de competencias transversales? ¿Qué tipo de contribuciones realizan y qué rol asumen los distintos participantes en el proceso de co-diseño? Los resultados reflejan la dinámica del proceso de co-diseño, el tipo de contribuciones y roles asumidos por cada participante y el aporte efectivo del método de co-diseño para el diseño de PEA, considerando por una parte el grado de comprensión e incorporación de los conceptos fundamentales en los escenarios diseñados y por otra, la utilidad de los instrumentos de diseño utilizados. RELATEC |
| 650 #4 - ASIENTO SECUNDARIO DE MATERIA - TERMINO TEMATICO |
| Término de materia o nombre geográfico como elemento de entrada |
Educación a distancia |
| 9 (RLIN) |
7924 |
| 653 0# - TERMINO DE INDIZACION - NO CONTROLADO |
| Término no controlado |
Investigación basada en diseño |
| 653 0# - TERMINO DE INDIZACION - NO CONTROLADO |
| Término no controlado |
Prácticas educativas abiertas |
| 653 0# - TERMINO DE INDIZACION - NO CONTROLADO |
| Término no controlado |
Competencias transversales |
| 653 0# - TERMINO DE INDIZACION - NO CONTROLADO |
| Término no controlado |
Diseño curricular |
| 773 ## - ENLACE AL DOCUMENTO FUENTE/ENTRADA DE REGISTRO ANFITRIÓN |
| Parte(s) relacionada(s) |
Vol. 18, no. 2, (2019), p. 151-169 |
| Título |
RELATEC : revista latinoamericana de tecnología educativa |
| Número Internacional Normalizado para Publicaciones Seriadas |
1695-288X |
| 856 4# - LOCALIZACIÓN Y ACCESO ELECTRÓNICOS |
| Identificador Uniforme del Recurso |
<a href="https://relatec.unex.es/index.php/relatec/article/view/3469">https://relatec.unex.es/index.php/relatec/article/view/3469</a> |
| 856 4# - LOCALIZACIÓN Y ACCESO ELECTRÓNICOS |
| Identificador Uniforme del Recurso |
<a href="https://doi.org/10.17398/1695-288X.18.2.151">https://doi.org/10.17398/1695-288X.18.2.151</a> |
| 902 ## - ELEMENTOS DE DATOS B LOCAL, LDB (RLIN) |
| Creó |
Leonor Sotres/180825 |
| 905 ## - TIPO DE MATERIAL |
| Tipo de material |
Articulo |
| 942 ## - ELEMENTOS DE PUNTO DE ACCESO ADICIONAL (KOHA) |
| Tipo de ítem Koha |
Artículo Electrónico |